| 000 | 00761nam0a22002531 4500 | ||
|---|---|---|---|
| 001 | rc\2778989 | ||
| 005 | 20250806205240.0 | ||
| 035 | _a(NLR Aleph) 006905240 | ||
| 090 |
_a32305 _c32305 |
||
| 100 | _a20110915d1942 u y0rusy50 ca | ||
| 101 | 0 | _arus | |
| 102 | _aRU | ||
| 105 | _aa z ||||| | ||
| 200 | 1 |
_aПамятка электросварщика по дуговой сварке _fИ. М. Зак |
|
| 210 |
_aСвердловск _cМашгиз _d1942 |
||
| 215 |
_a36 с. _cил., табл. _d21 см. |
||
| 700 | 1 |
_aЗак _bИ.М. |
|
| 801 | 0 |
_aRU _bNLR _gpsbo |
|
| 801 | 1 |
_aRU _bELAR _2rusmarc |
|
| 852 |
_aNLR _jТ36 Г-4/131 |
||
| 942 | _cBOOK | ||
| 945 | _aРоссийская национальная библиотека | ||
| 980 | _aNB | ||
| 980 | _aBV | ||